[Event "52nd Iran-ch Men Final 2019"]
[Site "Bushehr"]
[Date "2019.02.02"]
[Round "10"]
[White "Tahbaz, Arash"]
[Black "Gholami Orimi, Mahdi"]
[Result "0-1"]
[WhiteElo "2468"]
[BlackElo "2377"]
[Annotator "TA"]
[PlyCount "84"]
[EventDate "2019.01.24"]
[EventType "tourn"]
[EventCountry "IRI"]
[SourceTitle "playchess.com"]
[Source "ChessBase"]
[SourceQuality "1"]

{[%evp 12,84,16,11,9,24,26,31,38,37,38,39,33,-15,32,-41,-29,-51,-46,-56,-41,-48,-35,-50,-54,-80,-64,-123,-105,-99,-96,-118,-102,-259,-257,-254,-250,-248,-248,-262,-252,-256,-251,-243,-228,-230,-218,-693,-692,-683,-685,-672,-672,-739,-733,-1324,-1221,-1297,-1286,-1118,-1093,-1788,-2478,-9911,-4622,-4618,-4618,-4614,-2832,-2586,-2339,-29979,-29980,-29981,-29982]} 1. e4 e5 2. Nf3 Nc6 3. Bb5 Nf6 4. d3 Bc5 5. c3 ({Predecessor:} 5. O-O d6 6. c3 {1-0 (59) Boruchovsky,A (2556)-Bracker,F (2405) Riga 2017}) 5... O-O 6. O-O d6 7. h3 a6 $146 {C65: Ruy Lopez: Berlin Defence (3...Nf6), unusual lines and 4 0-0 Bc5} (7... Ne7 8. d4 Bb6 9. Bd3 Ng6 10. Re1 c6 11. Be3 Nh5 12. Nbd2 Nhf4 13. Bf1 exd4 14. Bxd4 d5 15. Nb3 dxe4 16. Rxe4 {½-½ (37) Xiong,J (2675)-Robson,R (2676) Saint Louis 2018}) 8. Bxc6 bxc6 9. d4 exd4 {White is slightly better.} 10. cxd4 Bb6 11. Qc2 ({Predecessor:} 11. Bg5 h6 12. Bh4 Re8 13. Nc3 Bb7 14. Qd2 c5 15. d5 {1-0 (59) Boruchovsky,A (2556)-Bracker,F (2405) Riga 2017}) 11... Re8 12. Nc3 c5 (12... Nxe4 $5 13. Nxe4 Bf5 $11) 13. Be3 (13. d5 $14) 13... Nxe4 $1 $15 14. Nxe4 {[%cal Rd4c5]} Bf5 $36 {[%mdl 2048] White is under pressure.} 15. dxc5 Bxe4 16. Qc3 dxc5 17. Nd2 Bd5 18. Rfe1 Qd6 19. Re2 ({White should try} 19. b3 $15) 19... Re6 20. Nc4 Qc6 21. f3 Rae8 22. Rae1 $2 (22. b3 $17) 22... Bxc4 $1 $19 {[%mdl 64] Overworked Piece} 23. Qxc4 Ba5 24. Rd1 {[#]} Qb5 $1 {[%cal Rb5c4]} ({Weaker is} 24... Rxe3 25. Rxe3 Rxe3 {[#]} 26. b4 $1 $17 {[%mdl 512]}) 25. Qxb5 axb5 26. Kf2 f5 27. f4 c4 28. Kf3 g6 29. g4 $2 (29. Rc1) 29... Bb6 30. Bxb6 {Hoping for Rxe6.} Rxe2 {[%mdl 4096] Endgame KRR-KRB} 31. Bd4 Re1 32. Rd2 Rd8 33. gxf5 c5 34. Bc3 Rxd2 35. Bxd2 {KR-KB} Rb1 36. fxg6 Rxb2 37. gxh7+ Kxh7 38. Be3 c3 39. Ke4 {[#]} Rd2 $1 {[%mdl 512]} 40. f5 (40. Bxd2 cxd2) 40... c4 41. h4 Rd1 42. f6 c2 {Accuracy: White = 36%, Black = 90%.} 0-1

[Event "52nd Iran-ch Men Final 2019"]
[Site "Bushehr"]
[Date "2019.02.02"]
[Round "10"]
[White "Daghli, Arash"]
[Black "Pourramezanali, Amirreza"]
[Result "1/2-1/2"]
[WhiteElo "2366"]
[BlackElo "2528"]
[Annotator "TA"]
[PlyCount "69"]
[EventDate "2019.01.24"]
[EventType "tourn"]
[EventCountry "IRI"]
[SourceTitle "playchess.com"]
[Source "ChessBase"]
[SourceQuality "1"]

{[%evp 19,69,2,18,-13,0,-14,-14,-16,-10,-13,-13,-20,-14,-16,-14,-18,-12,-15,0,0,0,0,0,0,0,0,18,20,20,-31,-37,-37,-37,-39,-41,-41,-8,-8,-8,-16,-14,-14,-14,-21,-14,-14,0,-8,-8,-8,-8,-8]} 1. d4 e6 ({Predecessor:} 1... f5 2. Nf3 Nf6 3. g3 b6 4. Bg2 Bb7 5. O-O e6 6. c4 Be7 7. Nc3 Ne4 8. Qc2 Nxc3 9. Qxc3 Be4 10. a3 {0-1 (54) Baluta,C (2335)-Chiricuta,M (2250) Bucharest 1996}) 2. c4 b6 3. Nc3 Bb7 4. a3 f5 5. Nf3 Nf6 6. g3 Be7 $146 (6... Ne4 7. Bg2 Be7 8. O-O {1-0 (43) Muzychuk,M (2540)-Khlichkova,T (2270) St Petersburg 2018}) 7. Bg2 O-O 8. O-O Ne4 9. Qc2 Nxc3 10. Qxc3 Be4 11. Re1 {E19: Queen's Indian: Old Main Line with 7...Ne4 8 Qc2 Nxc3 8 Qxc3} (11. b4 d6 12. Bb2 Nd7 13. Qd2 Bf6 14. Ne1 Bxg2 15. Nxg2 Qe7 16. Rfe1 e5 17. dxe5 Bxe5 18. Nf4 Bxb2 19. Qxb2 {1-0 (43) Muzychuk,M (2540)-Khlichkova,T (2270) St Petersburg 2018}) 11... Bf6 ({Predecessor:} 11... a5 12. b3 d6 13. Bb2 Nd7 14. Bf1 Qe8 15. Nd2 Bb7 16. e4 f4 17. Bg2 e5 18. d5 g5 {0-1 (54) Baluta,C (2335)-Chiricuta,M (2250) Bucharest 1996}) 12. Be3 c5 13. Qd2 Nc6 {[%cal Bb8c6,Bc6a5,Ba5c4][%mdl 32] And now ...Bxf3 would win.} 14. Rad1 Na5 15. dxc5 Nxc4 {[%mdl 64] Double Attack} 16. Qxd7 Qxd7 17. Rxd7 Nxe3 18. fxe3 Bxb2 19. cxb6 axb6 20. Nd4 Bxg2 21. Kxg2 Rxa3 22. Rb1 Ra2 23. Nxe6 Re8 24. Rd6 (24. Nf4 $11 Be5 25. Kf3) 24... Be5 $15 25. Rdxb6 Rxe2+ {[%mdl 64] Double Attack} 26. Kf3 Rxh2 27. R1b5 Bc3 (27... Rb2 $5 28. Rxb2 Bxb2 $15) 28. Rxf5 {The position is equal.} Be1 29. Nf4 {[#]} Rxe3+ $1 {[%mdl 512]} 30. Kxe3 {[%cal Rb6b8]} Bf2+ 31. Kd3 {[%cal Rb6b8]} Bxb6 32. Ne6 {[%csl Ge6][%cal Rf5f8]} h5 33. Nf4 h4 34. gxh4 Rxh4 {[#]} 35. Rf8+ $1 {[%mdl 512] Accuracy: White = 65%, Black = 75%.} 1/2-1/2

[Event "52nd Iran-ch Men Final 2019"]
[Site "Bushehr"]
[Date "2019.02.02"]
[Round "11"]
[White "Ghaem Maghami, Ehsan"]
[Black "Tahbaz, Arash"]
[Result "1/2-1/2"]
[WhiteElo "2533"]
[BlackElo "2468"]
[Annotator "TA"]
[PlyCount "34"]
[EventDate "2019.01.24"]
[EventType "tourn"]
[EventCountry "IRI"]
[SourceTitle "playchess.com"]
[Source "ChessBase"]
[SourceQuality "1"]

{[%evp 13,34,18,10,4,29,6,21,20,67,0,0,0,0,0,0,0,0,0,0,0,0,0,0]} 1. d4 Nf6 2. c4 e6 3. Nf3 ({Predecessor:} 3. g3 d5 4. Bg2 dxc4 {0-1 (20) Gruenberg,H-Malich,B Potsdam 1974}) 3... d5 4. g3 dxc4 5. Bg2 a6 6. Ne5 c5 7. Be3 Nd5 8. dxc5 $146 {E04: Open Catalan: 5 Nf3} (8. Nc3 Nxe3 9. fxe3 Nd7 10. Nxc4 Be7 11. dxc5 Bxc5 12. Nd6+ Bxd6 13. Qxd6 Qe7 14. Qd4 Nf6 15. O-O O-O {½-½ (64) Onischuk,A (2681)-Bruzon Batista,L (2673) Saint Louis 2018}) 8... Qc7 9. Bd4 Bxc5 10. Nxc4 Bb4+ {[%mdl 64] [#] Discovered Attack} 11. Ncd2 (11. Nbd2 $1 $14 Nc6 12. Bxg7) 11... O-O {The position is equal.} 12. a3 ({Predecessor:} 12. e4 Ne7 13. O-O Nbc6 14. Be3 Rd8 15. Qc2 e5 16. Nb3 Be6 17. N1d2 Rac8 18. a3 Bxd2 19. Nxd2 Qb8 20. Qc5 b6 {0-1 (20) Gruenberg,H-Malich,B Potsdam 1974}) 12... Nc6 13. Bxg7 Bxd2+ 14. Qxd2 Kxg7 15. Bxd5 exd5 16. Qg5+ Kh8 {[#] aiming for ...f6.} 17. Qf6+ Kg8 1/2-1/2

[Event "52nd Iran-ch Men Final 2019"]
[Site "Bushehr"]
[Date "2019.02.02"]
[Round "11"]
[White "Pourramezanali, Amirreza"]
[Black "Idani, Pouya"]
[Result "1/2-1/2"]
[WhiteElo "2528"]
[BlackElo "2611"]
[Annotator "TA"]
[PlyCount "66"]
[EventDate "2019.01.24"]
[EventType "tourn"]
[EventCountry "IRI"]
[SourceTitle "playchess.com"]
[Source "ChessBase"]
[SourceQuality "1"]

{[%evp 36,66,91,87,48,50,45,41,33,37,30,0,0,0,0,0,0,0,0,0,0,0,0,0,0,0,0,0,0,0,0,0,162]} 1. e4 c5 2. Nf3 d6 3. d4 cxd4 (3... Nf6 4. Nc3 cxd4 {1-0 (39) Kulaots,K (2555)-Shirov,A (2637) Viljandi 2018}) 4. Nxd4 Nf6 5. Nc3 g6 6. Be3 Bg7 7. f3 O-O 8. Qd2 Nc6 9. Bc4 Bd7 10. O-O-O $146 (10. Bb3 Rc8 11. h4 h5 12. O-O-O {1-0 (39) Kulaots,K (2555)-Shirov,A (2637) Viljandi 2018}) ({Predecessor:} 10. h4 Rc8 11. Bb3 h5 12. O-O-O {0-1 (32) Ivanovic,B (2530)-Romero Holmes,A (2445) Terrassa 1989}) 10... Rc8 11. Bb3 Ne5 12. h4 h5 13. Bg5 Rc5 14. Kb1 b5 15. g4 hxg4 16. h5 Nxh5 17. Nd5 Re8 18. Rxh5 gxh5 {[#]} 19. Qh2 $1 {[%cal Rh2h5]} Rxd5 {B78: Sicilian Dragon: Yugoslav Attack, 9 Bc4 Bd7 10 0-0-0 Rc8} ({Of course not} 19... gxf3 $6 20. Qxh5 Bg4 21. Qh4 $11) ({Avoid the trap} 19... Nxf3 $2 20. Nxf3 Be6 21. Qxh5 $18) (19... gxf3 20. Qxh5 Bg4 21. Qh4 Rc4 22. Bxc4 bxc4 23. Nxe7+ Rxe7 24. Bxe7 Qd7 25. Rh1 f5 26. exf5 Bxf5 27. Bf6 {1-0 (39) Kulaots,K (2555)-Shirov,A (2637) Viljandi 2018}) 20. Bxd5 Qb6 21. Qxh5 e6 {White is slightly better.} 22. Bb3 gxf3 $1 23. Bh6 Bxh6 {The position is equal.} 24. Qxh6 f2 {[#] Strongly threatening ...Qxd4!} 25. Qf6 ({Predecessor:} 25. Nf5 exf5 26. Rh1 f1=Q+ 27. Rxf1 d5 28. Qh5 dxe4 29. Rd1 Qf6 30. a3 e3 31. Rg1+ Ng4 32. Rh1 Be6 {0-1 (32) Ivanovic,B (2530)-Romero Holmes,A (2445) Terrassa 1989}) 25... Qb7 26. Rh1 $40 {[%csl Gf6][%cal Rh1h8][%mdl 128] White attacks.} f1=Q+ 27. Rxf1 {Intending Rh1 and mate.} Qxe4 28. Nf5 exf5 29. Rg1+ Ng4 30. Qxf7+ Kh8 {( -> ...Qe1+!)} 31. a3 Bc6 {Hoping for ...Qe5.} 32. Qh5+ Kg7 {aiming for ...Kf6.} 33. Qg5+ Kh7 $2 (33... Kh8 $1 $11 34. Qh5+ Kg7 35. Qg5+ Kh8 36. Qh5+) 1/2-1/2

[Event "52nd Iran-ch Men Final 2019"]
[Site "Bushehr"]
[Date "2019.02.02"]
[Round "11"]
[White "Gholami, Aryan"]
[Black "Daghli, Arash"]
[Result "1/2-1/2"]
[WhiteElo "2488"]
[BlackElo "2366"]
[Annotator "TA"]
[PlyCount "26"]
[EventDate "2019.01.24"]
[EventType "tourn"]
[EventCountry "IRI"]
[SourceTitle "playchess.com"]
[Source "ChessBase"]
[SourceQuality "1"]

{[%evp 19,23,13,22,0,0,0]} 1. e4 d6 2. d4 Nf6 3. Nc3 g6 4. f4 Bg7 5. Nf3 c5 6. Bb5+ Bd7 7. e5 Ng4 8. e6 fxe6 9. Ng5 Bxb5 10. Nxe6 {[#]} Bxd4 $1 {[%mdl 512] Threatens to win with ...Qa5.} 11. Nxd8 {B09: Pirc Defence: Austrian Attack} (11. Nxd4 Bd7) (11. Nxb5 Qa5+ 12. c3 Bf2+ 13. Kd2 Be3+ 14. Ke1 Bf2+ 15. Kd2 Be3+ 16. Ke1 Bf2+ {½-½ (16) Kovalev,V (2639)-Duda,J (2717) Riadh 2017}) 11... Bf2+ 12. Kd2 {Predecessor:} Be3+ $146 13. Ke1 Bf2+ {½-½ (14) Mihok,O (2546)-Hera,I (2598) Hungary 2018} 1/2-1/2

[Event "52nd Iran-ch Men Final 2019"]
[Site "Bushehr"]
[Date "2019.02.02"]
[Round "11"]
[White "Khodashenas, Mersad"]
[Black "Darini, Pouria"]
[Result "1/2-1/2"]
[WhiteElo "2455"]
[BlackElo "2475"]
[Annotator "ChessBase"]
[PlyCount "46"]
[EventDate "2019.01.24"]
[EventType "tourn"]
[EventCountry "IRI"]
[SourceTitle "playchess.com"]
[Source "ChessBase"]
[SourceQuality "1"]
[TimeControl "40/5400+30:1800+30"]

1. e4 {[%emt 0:07:42]} c5 {[%emt 0:00:00]} 2. Nf3 {[%emt 0:02:33]} d6 {[%emt 0:00:21]} 3. d4 {[%emt 0:00:01]} cxd4 {[%emt 0:00:07]} 4. Nxd4 {[%emt 0:00:14]} Nf6 {[%emt 0:00:06]} 5. Bd3 {[%emt 0:00:01]} Nc6 {[%emt 0:01:30]} 6. Nxc6 {[%emt 0:00:54]} bxc6 {[%emt 0:00:02]} 7. O-O {[%emt 0:01:25]} g6 {[%emt 0:00:20]} 8. b3 {[%emt 0:00:00]} Bg7 9. Bb2 O-O {[%emt 0:01:12]} 10. Re1 {[%emt 0:00:33]} a5 {[%emt 0:11:12]} 11. Nc3 {[%emt 0:20:32]} Qc7 {[%emt 0:20:39]} 12. Na4 {[%emt 0:02:20]} Nh5 {[%emt 0:13:09]} 13. Bxg7 {[%emt 0:01:47]} Nxg7 {[%emt 0:01:11]} 14. c4 {[%emt 0:01:32]} c5 {[%emt 0:00:29]} 15. Nc3 {[%emt 0:09:53]} e5 {[%emt 0:04:08]} 16. Bc2 {[%emt 0:08:48]} Qd8 {[%emt 0:09:31]} 17. Qd2 {[%emt 0:00:03]} Ne6 {[%emt 0:00:22]} 18. Nb5 {[%emt 0:02:31]} Ra6 {[%emt 0:07:30]} 19. Rad1 {[%emt 0:03:10]} Qf6 {[%emt 0:00:29]} 20. Re3 {[%emt 0:03:04]} Rd8 {[%emt 0:03:38]} 21. Rf3 {[%emt 0:05:31]} Qe7 {[%emt 0:03:18]} 22. Rg3 {[%emt 0:04:01]} Nf4 {[%emt 0:02:36]} 23. Nc3 {[%emt 0:00:09]} Be6 {[%emt 0:04:40]} 1/2-1/2

[Event "52nd Iran-ch Men Final 2019"]
[Site "Bushehr"]
[Date "2019.02.03"]
[Round "11"]
[White "Gholami Orimi, Mahdi"]
[Black "Firouzja, Alireza"]
[Result "0-1"]
[WhiteElo "2377"]
[BlackElo "2618"]
[Annotator "ChessBase"]
[PlyCount "74"]
[EventDate "2019.01.24"]
[EventType "tourn"]
[EventCountry "IRI"]
[SourceTitle "playchess.com"]
[Source "ChessBase"]
[SourceQuality "1"]
[TimeControl "40/5400+30:1800+30"]

1. d4 {[%emt 0:00:39]} e6 {[%emt 0:03:04]} 2. Nf3 {[%emt 0:01:59]} Nf6 {[%emt 0:02:19]} 3. g3 {[%emt 0:01:37]} b5 {[%emt 0:02:59]} 4. Bg2 {[%emt 0:01:05]} Bb7 {[%emt 0:04:13]} 5. O-O {[%emt 0:00:17]} c5 {[%emt 0:00:18]} 6. dxc5 {[%emt 0:08:03]} Bxc5 {[%emt 0:00:18]} 7. Nbd2 {[%emt 0:01:10]} O-O {[%emt 0:03:09]} 8. b3 {[%emt 0:04:49]} a5 {[%emt 0:08:46]} 9. c4 {[%emt 0:04:01]} b4 {[%emt 0:04:51]} 10. Bb2 {[%emt 0:01:49]} d6 {[%emt 0:03:29]} 11. Qc2 {[%emt 0:02:39]} Nbd7 {[%emt 0:07:07]} 12. Ng5 {[%emt 0:02:04]} d5 {[%emt 0:09:50]} 13. Rad1 {[%emt 0:21:01]} Qc7 {[%emt 0:06:47]} 14. Qb1 {[%emt 0:03:54]} h6 {[%emt 0:01:57]} 15. Ngf3 {[%emt 0:00:51]} a4 {[%emt 0:06:11]} 16. Rc1 {[%emt 0:07:08]} dxc4 {[%emt 0:00:59]} 17. Rxc4 {[%emt 0:02:05]} Ba6 {[%emt 0:01:31]} 18. Rcc1 {[%emt 0:00:52]} Bxe2 {[%emt 0:01:34]} 19. Rfe1 {[%emt 0:01:19]} Ba6 {[%emt 0:02:22]} 20. Ne4 {[%emt 0:12:37]} Nxe4 {[%emt 0:05:06]} 21. Rxe4 {[%emt 0:03:35]} a3 {[%emt 0:04:22]} 22. Bd4 {[%emt 0:03:38]} Qd6 {[%emt 0:05:12]} 23. Rxc5 {[%emt 0:01:38]} Nxc5 {[%emt 0:02:01]} 24. Rg4 {[%emt 0:00:22]} f6 {[%emt 0:01:06]} 25. Qc1 {[%emt 0:06:46]} Rac8 {[%emt 0:02:38]} 26. Qxh6 {[%emt 0:00:13]} Rc7 {[%emt 0:01:41]} 27. h3 {[%emt 0:01:48]} e5 {[%emt 0:02:35]} 28. Qg6 {[%emt 0:05:21]} Ne6 {[%emt 0:04:27]} 29. Be3 {[%emt 0:00:28]} Bd3 {[%emt 0:01:11]} 30. Qh5 {[%emt 0:00:27]} g5 {[%emt 0:00:23]} 31. Bxg5 {[%emt 0:00:43]} fxg5 {[%emt 0:01:25]} 32. Nxg5 {[%emt 0:00:30]} Ng7 {[%emt 0:00:48]} 33. Qh4 {[%emt 0:00:26]} Rc1+ {[%emt 0:00:48]} 34. Kh2 {[%emt 0:00:01]} Rxf2 {[%emt 0:00:28]} 35. Rxb4 {[%emt 0:01:01]} Rxg2+ {[%emt 0:00:56]} 36. Kxg2 {[%emt 0:00:05]} Qc6+ {[%emt 0:00:13]} 37. Ne4 {[%emt 0:00:50]} Qc2+ {[%emt 0:00:18]} 0-1

[Event "52nd Iran-ch Men Final 2019"]
[Site "Bushehr"]
[Date "2019.02.03"]
[Round "11"]
[White "Moradi, Amirmasoud"]
[Black "Mosadeghpour, Masoud"]
[Result "0-1"]
[WhiteElo "2321"]
[BlackElo "2517"]
[Annotator "TA"]
[PlyCount "46"]
[EventDate "2019.01.24"]
[EventType "tourn"]
[EventCountry "IRI"]
[SourceTitle "playchess.com"]
[Source "ChessBase"]
[SourceQuality "1"]

{[%evp 13,46,21,8,0,37,38,55,53,41,56,93,93,109,98,104,106,263,259,264,263,260,264,252,253,508,179,449,132,99,0,0,0,0,-1853,-1818]} 1. e4 e6 2. d4 d5 3. Nc3 Nf6 4. Bg5 dxe4 5. Nxe4 Be7 6. Bxf6 gxf6 7. Nf3 a6 8. Qe2 {C13: French: Classical System: 4 Bg5 Be7, Alekhine-Chatard Attack} b5 (8... f5 $5 {[%cal Rf5e4]} 9. Nc3 Qd6 $11) 9. g3 f5 $146 ({Predecessor:} 9... Bb7 10. Bg2 Nd7 11. a4 O-O 12. O-O Bd5 13. Rfe1 b4 14. c4 bxc3 15. bxc3 f5 {0-1 (50) Baron,T (2498)-Short,N (2677) Caleta 2012}) 10. Nc5 {White is slightly better.} Bxc5 11. dxc5 Qd5 12. Bg2 $1 Nc6 13. O-O Bb7 {And now ...Nd4 would win.} 14. Rad1 Qxc5 $2 (14... Qe4 $16 15. Qxe4 fxe4) 15. Ng5 $18 Qe7 16. Qh5 Kf8 17. Qh6+ Kg8 18. Rfe1 Re8 $2 {[#]} (18... Rd8 19. Rxd8+ Qxd8 20. Nxe6 fxe6) 19. Re3 $2 (19. g4 $1 {[%mdl 512]}) 19... b4 $2 {[#]} (19... Qf8 20. Qxf8+ Kxf8) 20. Red3 $2 (20. g4 $1 $18 {[%mdl 512] and the rest is easy.} Qf8 {[#]} (20... fxg4 21. Ne4) 21. Nxf7 $1 {[%mdl 512]} Qxh6 22. Nxh6+ Kg7 23. g5 (23. gxf5 Kxh6 24. fxe6 Rhg8 $15)) 20... Qf8 $16 21. Nxf7 (21. Qh5 $16) 21... Kxf7 22. Rd7+ Re7 23. Bf3 $2 {[%mdl 8192]} (23. Qh5+ $11 Kg8 24. Qg5+ Kf7 25. Qh5+ Kg8 26. Qh4) 23... Qxh6 {Accuracy: White = 31%, Black = 25%.} 0-1